000 00344nam a22001337a 4500
005 20250901165810.0
008 250324b |||||||| |||| 00| 0 eng d
020 _a9966221808
050 _aPL 8708.9 .M64 2001
245 _aBABU ALIPOFUFUKA
_cMOHAMED A. SAID
260 _aNAIROBI
_bJOMO KENYATTA FOUNDATION
_c2001
300 _a194
942 _2lcc
999 _c9379
_d9379